NURSING FOUNDATION : CONCEPTS AND PRESPECTIVES (Record no. 24936)

MARC details
000 -LEADER
fixed length control field 00433nam a22001697a 4500
003 - CONTROL NUMBER IDENTIFIER
control field SGT
020 ## - INTERNATIONAL STANDARD BOOK NUMBER
International Standard Book Number 9789390595174
082 ## - DEWEY DECIMAL CLASSIFICATION NUMBER
Classification number 610.73
Item number N22V
100 ## - MAIN ENTRY--PERSONAL NAME
Personal name VATI, JOGINDRA
245 ## - TITLE STATEMENT
Title NURSING FOUNDATION : CONCEPTS AND PRESPECTIVES
250 ## - EDITION STATEMENT
Edition statement 2ND
260 ## - PUBLICATION, DISTRIBUTION, ETC. (IMPRINT)
Place of publication, distribution, etc INDIA
Name of publisher, distributor, etc JAYPEE PUB
Year of Publication 2022
300 ## - PAGE DESCRIPTION
No. of Pages 328
650 ## - SUBJECT ADDED ENTRY--TOPICAL TERM
Topical term or geographic name as entry element NURSING FOUNDATION
653 ## - KEYWORDS--INDEX TERM
Keyword term NURSING FOUNDATION : CONCEPTS AND PRESPECTIVES
942 ## - ADDED ENTRY ELEMENTS (KOHA)
Source of classification or shelving scheme Dewey Decimal Classification
Koha item type Books
942 ## - ADDED ENTRY ELEMENTS (KOHA)
-- 2
Holdings
Withdrawn status Lost status Source of classification or shelving scheme Damaged status Not for loan Collection code Home library Current library Shelving location Date acquired Vendor Name Cost, normal purchase price SGTU Bill Number Full call number Accession No. (Barcode) Date last seen Bill Date Koha item type Total Checkouts Date last borrowed
    Dewey Decimal Classification   Not For Loan NURSING SGT Medical Library SGT Medical Library Reference Book 02/09/2023 ABC DELHI 695.00 SGTU 16927 610.73 N22V FN5236 02/09/2023 20/06/2023 Books    
    Dewey Decimal Classification     NURSING SGT Medical Library SGT Medical Library Text Book 02/09/2023 ABC DELHI 695.00 SGTU 16927 610.73 N22V FN5237 04/04/2026 20/06/2023 Books 4 30/03/2026
    Dewey Decimal Classification     NURSING SGT Medical Library SGT Medical Library Text Book 02/09/2023 ABC DELHI 695.00 SGTU 16927 610.73 N22V FN5238 09/06/2025 20/06/2023 Books 3 09/06/2025
    Dewey Decimal Classification     NURSING SGT Medical Library SGT Medical Library Text Book 02/09/2023 ABC DELHI 695.00 SGTU 16927 610.73 N22V FN5239 06/04/2026 20/06/2023 Books 2 30/03/2026
    Dewey Decimal Classification     NURSING SGT Medical Library SGT Medical Library Text Book 02/09/2023 ABC DELHI 695.00 SGTU 16927 610.73 N22V FN5240 06/04/2026 20/06/2023 Books 4 25/03/2026